Riconosci il Pokémon - Quiz n°723 - Statistics

Statistiche generali
  • Questo quiz è stato fatto 1 volte
  • Il punteggio medio è 10 su 10
Statistiche sulle risposte
Indizio Riposta % Corretto
Altezza 1,1 m; 1,2 m (Megaevoluzione)
100%
Peso 12,5 kg; 13,0 kg (Megaevoluzione)
100%
Tasso di cattura 45 (11.9%)
100%
Sesso 50% ♂, 50% ♀
100%
Pokémon Banette
100%
Abilità Insonnia; Indagine; Corpofunesto; Burla (Megaevoluzione)
100%
Stadio evoluzione Prima evoluzione
100%
Tipo Spettro
100%
Generazione Terza
100%
Tasso di allevamento Veloce
100%
Nessun quiz corrispondente trovato
Distribuzione punteggi
Percentuale di utenti per punteggio
Percentile per numero di risposta
I tuoi punteggi nel tempo
Non hai fatto questo quiz